000 00535nam a2200181 i 4500
001 21980
003 ES-MaACL
005 20230906152602.0
007 t|
008 021128s1971 sp ||||1| spa d
100 1 _aFatha, Al.
_948929
245 1 3 _aLa revolución palestina y los judíos /
_cAl Fatha ; [traducción: Rosa Curiá].
260 _a[Barcelona] :
_bMateu,
_c[1971]
300 _a67 p. ;
_c17 cm.
650 0 4 _aConflicto árabe-israelí.
_911266
700 1 _aCuriá, Rosa.
_942208
852 _aES-MaACL
_jC-40829
_bR.77260
999 _c21980
_d21980